| 000 | 00954cab a2200265 4500 | ||
|---|---|---|---|
| 001 | ABS57613 | ||
| 008 | 090401t1997 xxu||||| |||| 00| 0 eng d | ||
| 035 | _a(Sirsi) u80715 | ||
| 041 | _aeng | ||
| 100 | _aDeakin, M. | ||
| 245 | _aDevelopment of computer-based information systems for local authority property management: the underlying issues | ||
| 260 | _c1997 | ||
| 350 | _a0 | ||
| 490 |
_aJournal of Financial Management of Property and Construction _v2(1) March 1997, 59-82(24) |
||
| 520 | _aDiscusses how information technology can be used to tackle property management issues in local authorities. References. | ||
| 650 | _aLAND AUDITS | ||
| 650 | _aLOCAL AUTHORITIES | ||
| 650 | _aOPERATIONAL PROPERTY | ||
| 650 | _aPROPERTY INFORMATION SYSTEMS | ||
| 650 |
_aProperty management _96262 |
||
| 650 | _aVALUE FOR MONEY TEST | ||
| 690 | _aMANAGEMENT-BUSINESS MANAGEMENT-INFORMATION MANAGEMENT | ||
| 942 | _n0 | ||
| 948 | _c08/09/1997 | ||
| 999 |
_c50816 _d50816 |
||